Barker's review of housing supply (Record no. 73949)
[ view plain ]
| 000 -LEADER | |
|---|---|
| fixed length control field | 00974cam a2200205 4500 |
| 001 - CONTROL NUMBER | |
| control field | WB3947-07 |
| 008 - FIXED-LENGTH DATA ELEMENTS--GENERAL INFORMATION | |
| fixed length control field | 031211n2003 000 0 eng u |
| 035 ## - SYSTEM CONTROL NUMBER | |
| System control number | (Sirsi) u124602 |
| 245 ## - TITLE STATEMENT | |
| Title | Barker's review of housing supply |
| 260 ## - PUBLICATION, DISTRIBUTION, ETC. | |
| Date of publication, distribution, etc. | 2003 |
| 490 ## - SERIES STATEMENT | |
| Series statement | HM Treasury Press Release |
| Volume/sequential designation | 10 December 2003 (3) |
| 520 ## - SUMMARY, ETC. | |
| Summary, etc. | "Securing our future housing needs", the interim report of Kate Barker's review of housing supply, has been launched. The review examines factors that might be limiting the supply of housing arising from industry or policy. The main constraint identified is land supply. Copies of the press release and the review can be viewed at http://www.hm-treasury.gov.uk/newsroom_and_speeches/press/2003/press_barker_03.cfm. |
| 590 ## - LOCAL NOTE (RLIN) | |
| Local note | WB |
| 650 ## - SUBJECT ADDED ENTRY--TOPICAL TERM | |
| Topical term or geographic name entry element | HOUSING |
| 650 ## - SUBJECT ADDED ENTRY--TOPICAL TERM | |
| Topical term or geographic name entry element | HOUSING SUPPLY |
| 650 ## - SUBJECT ADDED ENTRY--TOPICAL TERM | |
| Topical term or geographic name entry element | HOUSE CONSTRUCTION |
| 650 ## - SUBJECT ADDED ENTRY--TOPICAL TERM | |
| Topical term or geographic name entry element | BARKER REVIEW OF HOUSING SUPPLY: SECURING OUR FUTURE HOUSING NEEDS |
| 690 ## - LOCAL SUBJECT ADDED ENTRY--TOPICAL TERM (OCLC, RLIN) | |
| Topical term or geographic name as entry element | HOUSING-DEVELOPMENT |
| 942 ## - ADDED ENTRY ELEMENTS (KOHA) | |
| Suppress in OPAC | 0 |
| Withdrawn status | Lost status | Source of classification or shelving scheme | Damaged status | Not for loan | Home library | Current library | Shelving location | Date acquired | Total Checkouts | Full call number | Barcode | Date last seen | Copy number | Price effective from | Koha item type |
|---|---|---|---|---|---|---|---|---|---|---|---|---|---|---|---|
| Dewey Decimal Classification | London | London | News article | 11/12/2003 | WB3947-07 | 124602-1001 | 06/08/2019 | 1 | 06/08/2019 | News article |